Sports Quiz

Random Sports or Basketball Quiz

NBA Single Season Bests By Team (2000s) Quiz Stats

Quiz Updated Oct 14, 2016

Challenge
Share
Tweet
Qualifications For Each Category: PTS- 70 games or 1400 pts, REB- 70 games or 800 rebs, AST- 70 games or 400 asts, STL- 70 games or 125 stls, BLK- 70 games or 100 blks.
Score 0/150 Timer 11:00
1 Play Today
% Correct
Lebron James
97.4%
Lebron James
97.4%
Kevin Garnett
95.7%
Kevin Garnett
95.7%
Kevin Garnett
95.7%
Paul Pierce
95.5%
Kobe Bryant
94.5%
Kobe Bryant
94.5%
Kobe Bryant
94.5%
Carmelo Anthony
93.4%
Shaquille O'Neal
93.4%
Shaquille O'Neal
93.4%
Shaquille O'Neal
93.4%
Dwyane Wade
93%
Dwyane Wade
93%
Dwyane Wade
93%
Jermaine O'Neal
93%
Dirk Nowitzki
91.3%
Dirk Nowitzki
91.3%
Derrick Rose
91.2%
Derrick Rose
91.2%
Joe Johnson
90.9%
Allen Iverson
90.8%
Allen Iverson
90.8%
Allen Iverson
90.8%
Allen Iverson
90.8%
Jason Kidd
90.4%
Jason Kidd
90.4%
Jason Kidd
90.4%
Jason Kidd
90.4%
Kevin Durant
90.2%
Tim Duncan
90.2%
Tim Duncan
90.2%
Tim Duncan
90.2%
Steve Nash
89.6%
Ben Wallace
89.2%
Ben Wallace
89.2%
Ben Wallace
89.2%
Ben Wallace
89.2%
Ben Wallace
89.2%
Gerald Wallace
89.1%
Rajon Rondo
88.4%
Rajon Rondo
88.4%
Tracy McGrady
87.3%
Tracy McGrady
87.3%
Tony Parker
86.3%
Deron Williams
85.5%
Chris Paul
85.3%
Chris Paul
85.3%
Alvin Williams and Jerome Williams
85.3%
% Correct
Yao Ming
85.1%
Yao Ming
85.1%
Vince Carter
84.9%
Vince Carter
84.9%
Amare Stoudemire
83.7%
Amare Stoudemire
83.7%
Amare Stoudemire
83.7%
Dwight Howard
83.7%
Dwight Howard
83.7%
Tony Allen and Mike Conley
83.6%
Chauncey Billups
80.8%
Ray Allen
79.5%
Gilbert Arenas
77.1%
Andre Miller
76.5%
Andre Miller
76.5%
Baron Davis
76.3%
Baron Davis
76.3%
Baron Davis
76.3%
Baron Davis
76.3%
Russell Westbrook
75.9%
Elden Campbell, Emeka Okakor, Tyson Chandler
75%
Pau Gasol
74.8%
Andrei Kirilenko, Karl Malone, John Stockton
74.2%
Michael Redd
73.1%
Stephen Jackson and Jason Terry
72.6%
Chris Webber
72.5%
Chris Webber
72.5%
John Wall
72.1%
Danny Granger
71.7%
Kevin Love
71.4%
Chris Bosh
71%
Manu Ginobili
70.7%
Zach Randolph
69.7%
Zach Randolph
69.7%
Zach Randolph
69.7%
Zach Randolph
69.7%
Karl Malone
69%
Mike Bibby
68.9%
Mike Bibby
68.9%
Monta Ellis
68.2%
Blake Griffin
66.7%
Mark Jackson
65.4%
Elton Brand
65%
Carlos Boozer
65%
Carlos Boozer
65%
Tyson Chandler
64.9%
Kendrick Perkins
64.8%
Al Horford
64.4%
Emeka Okafor
60.5%
Emeka Okafor
60.5%
% Correct
Andrew Bogut
59%
Andrew Bogut
59%
Antawn Jamison
58.7%
Jason Terry
58.7%
David Lee
56.7%
Shawn Marion
56.5%
Shawn Marion
56.5%
Stephon Marbury
56%
Stephon Marbury
56%
Dikembe Mutombo
53.7%
Gary Payton
53%
Marcus Camby
53%
Marcus Camby
53%
Marcus Camby
53%
Zydrunas Ilgauskas
53%
Alonzo Mourning
50.6%
Darrell Armstrong and Steve Francis
50.5%
Andrei Kirilenko
50.4%
Trevor Ariza and Steve Francis
49.6%
Jerry Stackhouse
47%
Brook Lopez
45%
Serge Ibaka
44.8%
Jason Richardson
44.3%
Sam Cassell
39.4%
Chris Kaman
38%
Ron Artest
36.8%
Ron Artest
36.8%
Ron Artest
36.8%
Erick Dampier
30.3%
Jamaal Tinsley
30.2%
Rafer Alston and Kyle Lowry
29.6%
Nick Collison
28.3%
Theo Ratliff
24.9%
Theo Ratliff
24.9%
Theo Ratliff
24.9%
Troy Murphy
22.4%
Larry Hughes
19.6%
JaVale McGee
19.2%
Shawn Bradley
19%
Kris Humphries
18.6%
Darrell Armstrong
17%
Brevin Knight
15.8%
Terrell Brandon
14.3%
Terrell Brandon
14.3%
Nick Van Exel
11.8%
Bonzi Wells
10.1%
Adonal Foyle
8.9%
Mookie Blaylock
6.4%
Keon Clark
5.5%
Keon Clark
5.5%

You're not logged in!

Compare scores with friends on all Sporcle quizzes.
Sign Up with Email
OR
Log In

You Might Also Like...

Show Comments

Extras

Top Quizzes Today


Score Distribution

Your Account Isn't Verified!

In order to create a playlist on Sporcle, you need to verify the email address you used during registration. Go to your Sporcle Settings to finish the process.